Most common female names starting with T - Statistics

General Stats
  • This quiz has been taken 173 times
  • The average score is 29 of 100
Answer Stats
Hint Answer % Correct
6 Tina
84%
5 Theresa
81%
1 Teresa
77%
28 Tia
74%
4 Tammy
68%
8 Tara
68%
53 Tess
65%
13 Toni
62%
3 Taylor
61%
18 Tessa
61%
30 Talia
60%
12 Tanya
59%
2 Tiffany
57%
81 Tamar
55%
24 Tori
55%
10 Tamara
54%
16 Terry
52%
11 Tonya
50%
7 Tracy
50%
33 Tiana
49%
22 Trisha
49%
17 Tabitha
48%
34 Tania
45%
32 Trina
45%
25 Tami
43%
26 Tasha
42%
9 Terri
42%
46 Thea
42%
41 Tonia
41%
27 Tatiana
39%
21 Teri
38%
14 Trinity
37%
56 Tammi
36%
20 Thelma
36%
38 Therese
36%
48 Terra
35%
70 Theodora
35%
51 Thalia
34%
42 Trudy
34%
39 Tiara
32%
60 Trista
32%
45 Tyler
32%
89 Terese
31%
67 Tana
30%
15 Tracey
30%
52 Tyra
30%
77 Tristan
29%
29 Tammie
28%
63 Tera
28%
23 Tricia
26%
92 Teena
25%
80 Toby
22%
50 Tiffani
21%
19 Traci
21%
47 Terrie
20%
85 Thomas
20%
78 Taya
19%
87 Tay.a
19%
69 Tommie
19%
35 Teagan
18%
54 Tamera
17%
36 Tatum
17%
61 Tayler
17%
74 Tegan
17%
65 Tiffanie
17%
31 Tracie
17%
88 Twyla
17%
55 Tianna
16%
44 Tabatha
15%
37 Taryn
15%
84 Tena
15%
83 Tatianna
14%
40 Tamika
13%
64 Tisha
13%
95 Tarah
10%
82 Teressa
10%
75 Tosha
10%
58 Tamia
9%
43 Tanisha
9%
62 Tatyana
9%
68 Treasure
8%
99 Tinsley
7%
96 Trena
7%
71 Twila
6%
59 Tameka
5%
57 Tamra
5%
72 Tenley
5%
49 Tierra
5%
90 Tressa
5%
86 Treva
5%
73 Tamela
4%
76 Tonja
4%
66 Taliyah
3%
94 Tawnya
3%
98 Tanika
2%
91 Tanesha
1%
79 Tawana
1%
97 Tyesha
1%
93 Taniya
0%
100 Taniyah
0%
No matching quizzes found
Score Distribution
Percent of People with Each Score
Percentile by Number Answered
Your Score History
You have not taken this quiz